000 00339nam a2200145Ia 4500
003 OSt
008 191201s2019 xx 000 0 und d
082 _a005.8 BOI
100 _aBOSE, Ranjan
245 0 _aInformation Theory Coding and Cryptography
260 _aN. Delhi
_bTMH
300 _a463
650 _aB.Tech (ECE)
942 _2ddc
_cBK
999 _c6677
_d6677